| 000 | 00612nam a2200229 a 4500 | ||
|---|---|---|---|
| 001 | 63854 | ||
| 003 | BD-RjUL | ||
| 005 | 20211209081236.0 | ||
| 008 | 040217s1966 pk a 000 0 eng | ||
| 035 | _a(BD-RjUL)63984 | ||
| 040 |
_aDLC _cDLC _dBD-RjUL _beng |
||
| 041 | _aeng | ||
| 082 | 0 | 0 |
_a741.954 _223 _bSAS 1966 |
| 100 | 0 |
_aṢādiqain, _d1930-1987. _9189597 |
|
| 245 | 1 | 0 |
_aSadequain / _cṢādiqain |
| 260 |
_aKarachi : _bEditions Mystique, _c1966. |
||
| 300 |
_a167 p. ; _c21 cm. |
||
| 504 | _aIncludes bibliography | ||
| 650 |
_aArt _zPakistani. _9189598 |
||
| 942 |
_2ddc _cBK |
||
| 999 |
_c63854 _d63854 |
||